Comparison of the effects of microwave irradiation with different intensities on the biodegradability of sludge from the dairy- and meat-industry

Elmentve itt :
Bibliográfiai részletek
Szerzők: Beszédes Sándor
László Zsuzsanna
Hovorkáné Horváth Zsuzsanna
Szabó Gábor György
Hodúr Cecilia
Dokumentumtípus: Cikk
Megjelent: Elsevier 2011
Sorozat:Bioresource Technology 102 No. 2
doi:10.1016/j.biortech.2010.08.121

mtmt:1636554
Online Access:http://publicatio.bibl.u-szeged.hu/1111
LEADER 00964nab a2200241 i 4500
001 publ1111
005 20180704131404.0
008 120815s2011 hu o 0|| zxx d
022 |a 0960-8524 
024 7 |a 10.1016/j.biortech.2010.08.121  |2 doi 
024 7 |a 1636554  |2 mtmt 
040 |a SZTE Publicatio Repozitórium  |b hun 
041 |a zxx 
100 1 |a Beszédes Sándor 
245 1 0 |a Comparison of the effects of microwave irradiation with different intensities on the biodegradability of sludge from the dairy- and meat-industry  |h [elektronikus dokumentum] /  |c  Beszédes Sándor 
260 |a Elsevier  |c 2011 
300 |a 814-821 
490 0 |a Bioresource Technology  |v 102 No. 2 
700 0 1 |a László Zsuzsanna  |e aut 
700 0 2 |a Hovorkáné Horváth Zsuzsanna  |e aut 
700 0 2 |a Szabó Gábor György  |e aut 
700 0 2 |a Hodúr Cecilia  |e aut 
856 4 0 |u http://publicatio.bibl.u-szeged.hu/1111/1/Comparison_of_the_effects_of_microwave_irradiation.pdf  |z Dokumentum-elérés